书目信息 |
| 题名: |
白手打天下?ABai Shou Da Tian Xia
|
|
| 作者: | 艳齐 著 | |
| 分册: | ||
| 出版信息: | 北京 中国文联出版公司 1996.03 |
|
| 页数: | 260页 | |
| 开本: | 32开 | |
| 丛书名: | ||
| 单 册: | ||
| 中图分类: | I25 | |
| 科图分类: | ||
| 主题词: | 报告文学--中国 , 传记文学--中国 | |
| 电子资源: | ||
| ISBN: | 7-5059-2426-5 | |
| 000 | 00551nam0 2200205 45 | |
| 001 | 0006161584 | |
| 005 | 20000616153719.5 | |
| 010 | @a7-5059-2426-5@d13.00元 | |
| 100 | @a20000616d1996 km y0chiy0120 ea | |
| 101 | 0 | @achi |
| 105 | @a z 000yy | |
| 200 | 1 | @a白手打天下?ABai Shou Da Tian Xia@f艳齐著@FYan Qi Zhu |
| 210 | @a北京@c中国文联出版公司@d1996.03 | |
| 215 | @a260页@d32开 | |
| 606 | 0 | @a报告文学@x中国 |
| 606 | 0 | @a传记文学@x中国 |
| 690 | @aI25@v3 | |
| 701 | 0 | @a艳齐@4著 |
| 801 | @aCN@bPftUser@c20000616 | |
| 905 | @b206071@dI25@eQ205@f1 | |
| 白手打天下?ABai Shou Da Tian Xia/艳齐著.-北京:中国文联出版公司,1996.03 |
| 260页;32开 |
| ISBN 7-5059-2426-5:13.00元 |
| ● |
| 相关链接 |
|
|
|
正题名:白手打天下
索取号:I25/Q205
 
预约/预借
| 序号 | 登录号 | 条形码 | 馆藏地/架位号 | 状态 | 备注 |
| 1 | 206071 | 202060713 | 社科二线400B/400B社科库 23排4列2层/ [索取号:I25/Q205] | 在馆 |